书目信息 |
| 题名: |
培根论人生
|
|
| 作者: | 培根 著 ;乌尔沁 译 | |
| 分册: | ||
| 出版信息: | 南京 译林出版社 2016 |
|
| 页数: | 213页 | |
| 开本: | 23cm | |
| 丛书名: | ||
| 单 册: | ||
| 中图分类: | B561.21 | |
| 科图分类: | ||
| 主题词: | ||
| 电子资源: | ||
| ISBN: | 978-7-5447-5938-0 | |
| 000 | 01010nam0 22002531 450 | |
| 001 | 0119171315 | |
| 005 | 20170619171315.0 | |
| 010 | @a978-7-5447-5938-0@b精装@dCNY25.00 | |
| 100 | @a20160426d2016 em y0chiy50 ea | |
| 101 | 1 | @achi@ceng |
| 102 | @aCN@b320000 | |
| 105 | @aa z 000yy | |
| 106 | @ar | |
| 200 | 1 | @a培根论人生@9pei gen lun ren sheng@dThe essays of Francis Bacon@f(英)弗兰西斯·培根(Francis Bacon)著@g乌尔沁译@zeng |
| 210 | @a南京@c译林出版社@d2016 | |
| 215 | @a213页@c照片@d23cm | |
| 330 | @a本书共分58章,包括论真理、论死亡、论宗教信仰的一致性、论复仇、论伪装与掩饰、论父母和子女、论婚姻、论嫉妒、论爱情、论勇敢、论善良、论贵族、论叛乱、论无神论等内容。 | |
| 510 | 1 | @aEssays of Francis Bacon@zeng |
| 600 | 0 | @a培根@9pei gen@c(Bacon, Francis@f1561-1626)@x人生哲学@x哲学思想 |
| 690 | @aB561.21@v5 | |
| 701 | 0 | @c(英)@a培根@9pei gen@c(Bacon, Francis@f1561~1626)@4著 |
| 702 | 0 | @a乌尔沁@9wu er qin@c(文学)@4译 |
| 801 | 0 | @aCN@b百万庄@c20170617 |
| 905 | @b1012539-44@dB561.21@e53@f6 | |
| 培根论人生=The essays of Francis Bacon/(英)弗兰西斯·培根(Francis Bacon)著/乌尔沁译.-南京:译林出版社,2016 |
| 213页:照片;23cm |
| ISBN 978-7-5447-5938-0(精装):CNY25.00 |
| 本书共分58章,包括论真理、论死亡、论宗教信仰的一致性、论复仇、论伪装与掩饰、论父母和子女、论婚姻、论嫉妒、论爱情、论勇敢、论善良、论贵族、论叛乱、论无神论等内容。 |
| ● |
| 相关链接 |
|
|
|
|
正题名:培根论人生
索取号:B561.21/53
 
预约/预借
| 序号 | 登录号 | 条形码 | 馆藏地/架位号 | 状态 | 备注 |
| 1 | 1012539 | 210125390 | 第一样本阅览室/ [索取号:B561.21/53] | 在馆 | |
| 2 | 1012540 | 210125407 | 教育系资料室/ [索取号:B561.21/53] | 在馆 | |
| 3 | 1012541 | 210125416 | 教育系资料室/ [索取号:B561.21/53] | 在馆 | |
| 4 | 1012542 | 210125425 | 教育系资料室/ [索取号:B561.21/53] | 在馆 | |
| 5 | 1012543 | 210125434 | 第一借阅区/ [索取号:B561.21/53] | 在馆 | |
| 6 | 1012544 | 210125443 | 第一借阅区/ [索取号:B561.21/53] | 在馆 |